Biochemistry and biophysics / (Record no. 82749)

MARC details
000 -LEADER
fixed length control field 00588nam a22001937a 4500
005 - DATE AND TIME OF LATEST TRANSACTION
control field 20140314130228.0
010 ## - LCCN (DPL NO)
LC control number ENG-109467
020 ## - INTERNATIONAL STANDARD BOOK NUMBER
Terms of availability 220.00
035 ## - SYSTEM CONTROL NUMBER
System control number EN-93000
037 ## - SOURCE OF ACQUISITION
Source of stock number/acquisition DBAD/PUB
082 ## - DEWEY DECIMAL CLASSIFICATION NUMBER
Classification number 574.19
100 ## - MAIN ENTRY--PERSONAL NAME
Personal name Ragland, Annie
245 00 - TITLE STATEMENT
Title Biochemistry and biophysics /
Statement of responsibility, etc by Annie Ragland [and] N. Arumugam
260 ## - PUBLICATION, DISTRIBUTION, ETC. (IMPRINT)
Place of publication, distribution, etc Kanyakumari
Name of publisher, distributor, etc Saras Publicaton
Date of publication, distribution, etc 2013
270 ## - ADDRESS
Address 114/35G, A.R.P. Camp Road, Periavilai, Kottar, Nagercoil
City Kanyakumari
Postal code 629002
300 ## - PHYSICAL DESCRIPTION
Extent xi,292p
Dimensions 22cm(pbk)
700 ## - ADDED ENTRY--PERSONAL NAME
Personal name Arumugam, N.
942 ## - ADDED ENTRY ELEMENTS (KOHA)
Source of classification or shelving scheme Dewey Decimal Classification
Item type English Books
Call number suffix RAG
Classification part 574.19
Holdings
Withdrawn status Lost status Not for loan Collection code Home library Current library Date acquired Source of acquisition Cost, normal purchase price Full call number Barcode Copy number Cost, replacement price Koha item type
    Not For Loan Non-fiction D.B.Act.Division D.B.Act.Division 25/02/2014 DBAD/PUB 80.00 571.64 RAG EN-93000 1 80.00 English Books

© Delhi Public Library
Hit Counter
free hit counter